000 00619cam a22001934a 4500
005 20250826112043.0
008 250528s ||||||||||||||||||||||||d
035 _a23540
040 _aGR-AtMCL
_bgre
_dGR-AtMCL
_eAACR2
245 1 _aNeuroticism, Extraversion and Openness as Predictors of Social and Emotional Loneliness
260 _c2014
300 _a42
520 _aAbstract, Introduction, Methodology, Results, Discussion, References, Appendices.
700 1 _aPasko Vasil
_99115
700 1 _aThomas, George B.
_d1914-2006
_q(George Brinton),
_94575
942 _cDS
999 _c8541
_d8541